Flavors of Smarties - Statistics

General Stats
  • This quiz has been taken 19 times
  • The average score is 3 of 6
Answer Stats
Color Flavor % Correct
Orange Orange
100%
Purple Grape
82%
Pink Cherry
29%
White Orange-Cream
18%
Yellow Pineapple
18%
Green Strawberry
18%
No matching quizzes found
Score Distribution
Percent of People with Each Score
Percentile by Number Answered
Your Score History
You have not taken this quiz